Személyi hir

Správa o tom, že gróf Ladislav Széchényi s manželkou Gladys Wanderbilt došli 24. júna 1908 na návštevu grófa Alexandra Andrášiho do Humenného

Podrobná bibliografia
Médium: Článok
Jazyk:Hungarian
Témy:
Zdroj: 1. Felvidéki Hirlap : Közgazdasági, társadalmi és szépirodalmi hetilap 1. Roč. 1, č. 16 (28.06.1908) s. 2
LEADER 01626nab#a2200373#ar4500
001 000072852
003 SVKKK
005 20080618091813.0
008 080512d1908 xo |||||||||||||||b|hun
FMT
038 |a SVKKK 
040 |a SVKKK  |b slo  |e AACR2 
041 0 |a hun 
044 |a xo  |c SK 
080 |a 394  |2 1997 
242 1 0 |a Personálne správy  |y slo 
245 1 0 |a Személyi hir 
500 |a mikrofilm 
500 |a Dohľadanie 
520 2 |a Správa o tom, že gróf Ladislav Széchényi s manželkou Gladys Wanderbilt došli 24. júna 1908 na návštevu grófa Alexandra Andrášiho do Humenného 
600 1 4 |a Széchényi, Ladislav  |d 1879-1938  |x gróf, veľkostatkár, politik  |z Strážské (Slovensko)  |x rodák  |z Strážske (Slovensko), Budapešť (Maďarsko), New York (USA)  |x pôsobenie 
600 1 4 |a Széchényi, Gladys  |c Vanderbild  |d 1886-1965  |x grófka, manželka Ladislava Széchényiho  |z Strážské (Slovensko), Budapešť (Maďarsko), New York, Washington (Amerika)  |x pôsobenie 
650 0 4 |a verejný a spoločenský život  |x Széchényi, Ladislav (gróf)  |x Wanderbilt, Gladys (grófka)  |x návšteva u Andrášiovcov  |z Humenné (Slovensko)  |y jún 1908 
655 4 |a hungariká 
773 0 |t Felvidéki Hirlap : Közgazdasági, társadalmi és szépirodalmi hetilap  |g Roč. 1, č. 16 (28.06.1908) s. 2 
957 |a Humenné 
958 |a DG 
958 |a HU 
974 |a Ba 
992 |a RBX 
997 |a Széchényi, László p. Széchényi, Ladislav  |d Őrmező p. Strážske 
997 |a Vanderbild, Gladys p. Széchényi. Lászlóné p. Széchényi, Gladys  |d New York (Amerika) 
BAS
998 |a RETRO